[Event "World Chess Olympiad 2018"]
[Site "Batumi"]
[Date "2018.09.26"]
[Round "3"]
[Board "4"]
[WhiteFideId "9312331"]
[White "Ammar Sedrani"]
[BlackFideId "5400422"]
[Black "Lomandong Marc-Antoine"]
[Result "1-0"]
[LiveChessVersion "1.4.8"]
[BlackElo "2035"]
[WhiteElo "2099"]

1. d4 {[%clk 1:30:51]} b6 {[%clk 1:29:58]} 2. Nf3 {[%clk 1:30:06]} e6
{[%clk 1:29:57]} 3. Bf4 {[%clk 1:29:32]} Bb7 {[%clk 1:30:15]} 4. Nbd2
{[%clk 1:29:54]} Nf6 {[%clk 1:29:30]} 5. e3 {[%clk 1:30:12]} Be7 {[%clk 1:27:29]}
6. c3 {[%clk 1:28:27]} c5 {[%clk 1:23:20]} 7. Bd3 {[%clk 1:26:40]} O-O
{[%clk 1:21:00]} 8. h3 {[%clk 1:26:45]} d6 {[%clk 1:15:25]} 9. O-O
{[%clk 1:26:17]} Nc6 {[%clk 1:14:03]} 10. Qc2 {[%clk 1:21:14]} Rc8
{[%clk 1:10:58]} 11. a3 {[%clk 1:20:18]} h6 {[%clk 1:01:34]} 12. Rad1
{[%clk 1:20:24]} a6 {[%clk 0:59:09]} 13. Qb1 {[%clk 1:20:32]} b5 {[%clk 0:58:32]}
14. Rfe1 {[%clk 1:18:32]} Qb6 {[%clk 0:58:03]} 15. g4 {[%clk 1:09:55]} Na5
{[%clk 0:40:57]} 16. e4 {[%clk 1:02:38]} b4 {[%clk 0:36:59]} 17. axb4
{[%clk 1:00:13]} cxb4 {[%clk 0:34:07]} 18. c4 {[%clk 1:00:24]} b3
{[%clk 0:31:56]} 19. Rc1 {[%clk 0:59:25]} Qb4 {[%clk 0:28:33]} 20. Rc3
{[%clk 0:55:34]} d5 {[%clk 0:22:44]} 21. exd5 {[%clk 0:50:25]} exd5
{[%clk 0:22:42]} 22. c5 {[%clk 0:49:58]} Rfe8 {[%clk 0:16:49]} 23. Qd1
{[%clk 0:48:36]} Bxc5 {[%clk 0:11:21]} 24. Rxc5 {[%clk 0:48:49]} Rxe1+
{[%clk 0:09:46]} 25. Qxe1 {[%clk 0:49:16]} Rxc5 {[%clk 0:06:35]} 26. Bd6
{[%clk 0:49:37]} 1-0

[Event "World Chess Olympiad 2018"]
[Site "Batumi"]
[Date "2018.09.26"]
[Round "3"]
[Board "1"]
[WhiteFideId "5122279"]
[White "Cofre Archibold Nestor"]
[BlackFideId "11000120"]
[Black "Makoto Rodwell"]
[Result "0-1"]
[LiveChessVersion "1.4.8"]
[BlackElo "2338"]
[WhiteElo "2346"]

1. e4 {[%clk 1:30:47]} e5 {[%clk 1:30:27]} 2. Nf3 {[%clk 1:30:50]} Nc6
{[%clk 1:30:49]} 3. Bc4 {[%clk 1:30:27]} Bc5 {[%clk 1:30:02]} 4. b4
{[%clk 1:23:27]} Bxb4 {[%clk 1:30:26]} 5. c3 {[%clk 1:23:52]} Be7
{[%clk 1:30:49]} 6. d4 {[%clk 1:24:13]} Na5 {[%clk 1:30:38]} 7. Be2
{[%clk 1:23:25]} d5 {[%clk 1:29:26]} 8. Nxe5 {[%clk 1:08:34]} dxe4
{[%clk 1:25:03]} 9. Nd2 {[%clk 1:02:02]} Nf6 {[%clk 1:22:09]} 10. Qc2
{[%clk 0:57:26]} O-O {[%clk 1:18:19]} 11. Nxe4 {[%clk 0:57:16]} c5
{[%clk 1:15:47]} 12. Nxf6+ {[%clk 0:34:20]} Bxf6 {[%clk 1:16:07]} 13. Qe4
{[%clk 0:30:40]} cxd4 {[%clk 1:13:28]} 14. cxd4 {[%clk 0:30:52]} Nc6
{[%clk 1:13:37]} 15. Bb2 {[%clk 0:28:04]} Qa5+ {[%clk 1:05:36]} 16. Kf1
{[%clk 0:28:27]} Qd2 {[%clk 0:51:10]} 17. Nc4 {[%clk 0:22:51]} Qg5
{[%clk 0:50:03]} 18. Bd3 {[%clk 0:20:25]} g6 {[%clk 0:48:20]} 19. h4
{[%clk 0:18:06]} Qb5 {[%clk 0:39:26]} 20. Be2 {[%clk 0:01:43]} Bf5
{[%clk 0:33:01]} 21. Qf4 {[%clk 0:00:44]} Rfe8 {[%clk 0:32:18]} 22. Rc1
{[%clk 0:00:41]} Re4 {[%clk 0:30:39]} 23. Qd2 {[%clk 0:00:45]} Nxd4
{[%clk 0:28:41]} 24. Bd3 {[%clk 0:00:55]} Re6 {[%clk 0:25:42]} 25. Bxd4
{[%clk 0:00:41]} Bxd3+ {[%clk 0:25:43]} 26. Qxd3 {[%clk 0:01:04]} Rd8
{[%clk 0:24:57]} 27. Qb3 {[%clk 0:00:43]} Qxb3 {[%clk 0:25:00]} 28. axb3
{[%clk 0:01:06]} Rxd4 {[%clk 0:24:56]} 29. g3 {[%clk 0:01:20]} b5
{[%clk 0:24:46]} 30. Ne3 {[%clk 0:01:40]} h5 {[%clk 0:20:31]} 31. Rc7
{[%clk 0:01:36]} a6 {[%clk 0:19:28]} 32. Ke2 {[%clk 0:00:53]} Rb4
{[%clk 0:19:22]} 33. Kf3 {[%clk 0:00:35]} Rxb3 {[%clk 0:18:20]} 34. Rd1
{[%clk 0:00:47]} Be5 {[%clk 0:16:32]} 35. Rc8+ {[%clk 0:01:03]} Kg7
{[%clk 0:16:57]} 36. Rdd8 {[%clk 0:01:03]} a5 {[%clk 0:15:57]} 37. Kg2
{[%clk 0:00:45]} Rd6 {[%clk 0:14:32]} 38. Rh8 {[%clk 0:00:35]} Bd4
{[%clk 0:08:41]} 39. g4 {[%clk 0:00:44]} Kf6 {[%clk 0:08:28]} 40. g5+
{[%clk 0:30:47]} Ke5 {[%clk 0:38:31]} 41. Kf3 {[%clk 0:30:23]} Bxe3
{[%clk 0:38:10]} 42. fxe3 {[%clk 0:30:44]} Kd5 {[%clk 0:38:07]} 43. Rhe8
{[%clk 0:30:51]} Rc6 {[%clk 0:36:50]} 44. Ra8 {[%clk 0:30:58]} a4
{[%clk 0:36:54]} 45. Kf4 {[%clk 0:26:53]} a3 {[%clk 0:35:31]} 46. Ra7
{[%clk 0:25:07]} b4 {[%clk 0:35:22]} 47. Re4 {[%clk 0:16:43]} Rb2
{[%clk 0:31:51]} 48. Ra5+ {[%clk 0:12:22]} Kd6 {[%clk 0:32:07]} 49. Rd4+
{[%clk 0:11:07]} Kc7 {[%clk 0:32:19]} 50. e4 {[%clk 0:10:04]} a2 {[%clk 0:32:32]}
51. e5 {[%clk 0:10:01]} Kb6 {[%clk 0:32:26]} 52. Rdd5 {[%clk 0:05:40]} Rc4+
{[%clk 0:31:18]} 53. Ke3 {[%clk 0:05:56]} Rb3+ {[%clk 0:31:28]} 54. Ke2
{[%clk 0:04:56]} Ra3 {[%clk 0:30:25]} 55. Rdb5+ {[%clk 0:00:55]} 0-1

[Event "World Chess Olympiad 2018"]
[Site "Batumi"]
[Date "2018.09.26"]
[Round "3"]
[Board "2"]
[WhiteFideId "11309504"]
[White "Mushore Emarald Takudzwa"]
[BlackFideId "5107407"]
[Black "Rojas Alarcon Julian Antonio"]
[Result "0-1"]
[LiveChessVersion "1.4.8"]
[BlackElo "2387"]
[WhiteElo "2152"]

1. e4 c5 2. Nf3 {[%clk 1:31:04]} e6 {[%clk 1:28:59]} 3. d4 {[%clk 1:31:20]} cxd4
{[%clk 1:29:17]} 4. Nxd4 {[%clk 1:31:46]} Nc6 {[%clk 1:27:49]} 5. g3
{[%clk 1:31:43]} d6 {[%clk 1:21:37]} 6. Bg2 {[%clk 1:31:24]} Be7 {[%clk 1:17:51]}
7. O-O {[%clk 1:24:51]} Bd7 {[%clk 1:16:15]} 8. Nc3 {[%clk 1:24:27]} a6
{[%clk 1:15:01]} 9. Nxc6 {[%clk 1:20:07]} Bxc6 {[%clk 1:14:44]} 10. Re1
{[%clk 1:17:51]} Qc7 {[%clk 1:12:00]} 11. Bf4 {[%clk 1:11:33]} e5
{[%clk 1:03:25]} 12. Be3 {[%clk 1:11:09]} h6 {[%clk 0:57:31]} 13. f4
{[%clk 1:05:00]} Nf6 {[%clk 0:57:44]} 14. h3 {[%clk 1:03:37]} O-O
{[%clk 0:54:41]} 15. Qd2 {[%clk 1:00:54]} Rac8 {[%clk 0:51:17]} 16. Rac1
{[%clk 0:57:35]} b5 {[%clk 0:48:45]} 17. g4 {[%clk 0:55:50]} exf4
{[%clk 0:44:27]} 18. Bxf4 {[%clk 0:56:16]} Nd7 {[%clk 0:44:38]} 19. Nd5
{[%clk 0:54:37]} Bxd5 {[%clk 0:44:36]} 20. exd5 {[%clk 0:55:04]} Bf6
{[%clk 0:44:49]} 21. c3 {[%clk 0:54:31]} Ne5 {[%clk 0:43:49]} 22. Rf1
{[%clk 0:46:13]} Nc4 {[%clk 0:37:18]} 23. Qc2 {[%clk 0:44:22]} Be5
{[%clk 0:37:36]} 24. Rce1 {[%clk 0:42:45]} Bxf4 {[%clk 0:29:22]} 25. Rxf4
{[%clk 0:43:12]} Rfe8 {[%clk 0:29:37]} 26. Rfe4 {[%clk 0:41:42]} Rxe4
{[%clk 0:30:03]} 27. Rxe4 {[%clk 0:40:02]} Qc5+ {[%clk 0:29:35]} 28. Kh2
{[%clk 0:38:05]} Ne5 {[%clk 0:29:39]} 29. Qd2 {[%clk 0:37:18]} Qc7
{[%clk 0:29:30]} 30. Qe2 {[%clk 0:32:33]} Qc5 {[%clk 0:22:01]} 31. Qd2
{[%clk 0:32:08]} Rf8 {[%clk 0:20:52]} 32. Qd4 {[%clk 0:28:21]} Qc7
{[%clk 0:21:07]} 33. Qf2 {[%clk 0:28:00]} Qb7 {[%clk 0:19:14]} 34. Rd4
{[%clk 0:24:27]} Re8 {[%clk 0:19:27]} 35. a4 {[%clk 0:20:36]} bxa4
{[%clk 0:12:21]} 36. Rxa4 {[%clk 0:20:28]} Nd3 {[%clk 0:12:06]} 37. Qd2
{[%clk 0:20:28]} Nc5 {[%clk 0:11:04]} 38. Rb4 {[%clk 0:19:12]} Qa7
{[%clk 0:09:52]} 39. Rf4 {[%clk 0:17:15]} a5 {[%clk 0:10:10]} 40. b4
{[%clk 0:42:27]} axb4 {[%clk 0:40:36]} 41. cxb4 {[%clk 0:42:49]} Nd7
{[%clk 0:40:58]} 42. Rc4 {[%clk 0:36:31]} Ne5 {[%clk 0:40:39]} 43. Rc2
{[%clk 0:31:03]} Rb8 {[%clk 0:36:49]} 44. Qc3 {[%clk 0:21:36]} g6
{[%clk 0:22:33]} 45. Re2 {[%clk 0:19:12]} Qe7 {[%clk 0:20:23]} 46. Re4
{[%clk 0:19:04]} Qf6 {[%clk 0:19:38]} 47. Qe3 {[%clk 0:16:00]} Kg7
{[%clk 0:18:32]} 48. Qd4 {[%clk 0:14:35]} Ra8 {[%clk 0:16:18]} 49. Rf4
{[%clk 0:14:05]} Qe7 {[%clk 0:16:41]} 50. Rf2 {[%clk 0:13:52]} Qb7
{[%clk 0:14:15]} 51. Qf4 {[%clk 0:14:02]} Kh7 {[%clk 0:14:08]} 52. Re2
{[%clk 0:11:51]} Qe7 {[%clk 0:11:40]} 53. Rf2 {[%clk 0:11:20]} Kg7
{[%clk 0:10:32]} 54. b5 {[%clk 0:11:03]} Rb8 {[%clk 0:08:48]} 55. Bf1
{[%clk 0:11:20]} Qc7 {[%clk 0:07:42]} 56. Qd4 {[%clk 0:11:04]} Kg8
{[%clk 0:07:48]} 57. Kg2 {[%clk 0:10:16]} Nd7 {[%clk 0:06:12]} 58. Qf4
{[%clk 0:10:13]} Nb6 {[%clk 0:06:31]} 59. Qxh6 {[%clk 0:07:20]} Qb7
{[%clk 0:06:19]} 60. Kg1 {[%clk 0:05:41]} Qxd5 {[%clk 0:06:39]} 61. h4
{[%clk 0:05:50]} Nd7 {[%clk 0:04:40]} 62. Qd2 {[%clk 0:04:55]} Qe6
{[%clk 0:04:51]} 63. Qf4 {[%clk 0:02:59]} Ne5 {[%clk 0:05:08]} 64. Rg2
{[%clk 0:03:25]} Ra8 {[%clk 0:04:28]} 65. h5 {[%clk 0:03:20]} Ra1
{[%clk 0:04:48]} 66. hxg6 {[%clk 0:03:33]} Qxg6 {[%clk 0:05:07]} 67. Qf5
{[%clk 0:03:02]} Qh6 {[%clk 0:03:25]} 68. g5 {[%clk 0:03:23]} Qh4
{[%clk 0:03:47]} 69. g6 {[%clk 0:02:12]} Qd4+ {[%clk 0:04:04]} 70. Kh2
{[%clk 0:02:12]} Nxg6 {[%clk 0:03:48]} 71. Rxg6+ {[%clk 0:01:26]} fxg6
{[%clk 0:04:17]} 72. Qxg6+ {[%clk 0:01:54]} Kf8 {[%clk 0:04:04]} 73. Qh6+
{[%clk 0:01:52]} Ke7 {[%clk 0:03:54]} 74. Qh7+ {[%clk 0:01:57]} Kd8
{[%clk 0:04:15]} 75. Qg8+ {[%clk 0:00:41]} Kc7 {[%clk 0:04:43]} 0-1

[Event "World Chess Olympiad 2018"]
[Site "Batumi"]
[Date "2018.09.26"]
[Round "3"]
[Board "3"]
[WhiteFideId "5114241"]
[White "Tello Chavez Isaac Valent"]
[BlackFideId "11001933"]
[Black "Zhemba Jemusse"]
[Result "1/2-1/2"]
[LiveChessVersion "1.4.8"]
[BlackElo "2138"]
[WhiteElo "2319"]

1. d4 {[%clk 1:30:55]} Nf6 {[%clk 1:30:14]} 2. Bg5 {[%clk 1:31:11]} Ne4
{[%clk 1:29:42]} 3. h4 {[%clk 1:31:03]} c5 {[%clk 1:29:11]} 4. dxc5
{[%clk 1:31:16]} Qa5+ {[%clk 1:28:40]} 5. Nd2 {[%clk 1:31:31]} Nxg5
{[%clk 1:28:06]} 6. hxg5 {[%clk 1:31:47]} Qxc5 {[%clk 1:28:17]} 7. Ngf3
{[%clk 1:31:58]} h5 {[%clk 1:27:16]} 8. gxh6 {[%clk 1:21:38]} Rxh6
{[%clk 1:26:00]} 9. Rxh6 {[%clk 1:21:25]} gxh6 {[%clk 1:26:21]} 10. c3
{[%clk 1:20:04]} d5 {[%clk 1:24:43]} 11. Nb3 {[%clk 1:12:20]} Qd6
{[%clk 1:23:09]} 12. Qd3 {[%clk 1:05:09]} Nc6 {[%clk 1:20:54]} 13. Rd1
{[%clk 1:01:00]} Be6 {[%clk 1:18:31]} 14. Nfd4 {[%clk 0:55:02]} O-O-O
{[%clk 1:15:33]} 15. Nb5 {[%clk 0:50:57]} Qe5 {[%clk 1:12:16]} 16. N3d4
{[%clk 0:50:21]} Kb8 {[%clk 1:07:48]} 17. e3 {[%clk 0:41:40]} Bc8
{[%clk 1:02:57]} 18. Nxc6+ {[%clk 0:37:58]} bxc6 {[%clk 1:03:03]} 19. Nd4
{[%clk 0:38:25]} Qf6 {[%clk 1:02:37]} 20. Be2 {[%clk 0:34:43]} e5
{[%clk 1:01:40]} 21. Nb3 {[%clk 0:34:59]} Qg6 {[%clk 1:01:19]} 22. g3
{[%clk 0:26:47]} Qxd3 {[%clk 1:00:28]} 23. Bxd3 {[%clk 0:27:02]} f5
{[%clk 1:00:37]} 24. f4 {[%clk 0:26:29]} Kc7 {[%clk 0:57:45]} 25. Kf2
{[%clk 0:25:24]} c5 {[%clk 0:56:27]} 26. Be2 {[%clk 0:25:29]} c4 {[%clk 0:55:26]}
27. Nd2 {[%clk 0:25:13]} e4 {[%clk 0:54:15]} 28. b3 {[%clk 0:20:28]} Be6
{[%clk 0:54:05]} 29. Rc1 {[%clk 0:10:09]} cxb3 {[%clk 0:51:52]} 30. Nxb3
{[%clk 0:09:55]} Bg7 {[%clk 0:51:35]} 31. Nd4 {[%clk 0:08:14]} Kd6
{[%clk 0:48:54]} 32. Rb1 {[%clk 0:05:21]} Bd7 {[%clk 0:46:58]} 33. Rb7
{[%clk 0:04:52]} Bxd4 {[%clk 0:40:16]} 34. cxd4 {[%clk 0:05:20]} Ra8
{[%clk 0:40:05]} 35. Rb3 {[%clk 0:05:16]} Rc8 {[%clk 0:40:02]} 36. Ra3
{[%clk 0:05:30]} Rc7 {[%clk 0:38:00]} 37. Ra6+ {[%clk 0:05:41]} Ke7
{[%clk 0:37:20]} 38. Ke1 {[%clk 0:04:44]} Rb7 {[%clk 0:35:09]} 39. a3
{[%clk 0:03:59]} Be6 {[%clk 0:32:10]} 40. a4 {[%clk 0:32:58]} Bd7
{[%clk 1:00:59]} 41. a5 {[%clk 0:22:21]} Be6 {[%clk 1:00:21]} 42. Rc6
{[%clk 0:22:42]} Kd7 {[%clk 0:59:43]} 43. Rc1 {[%clk 0:19:38]} Rb2
{[%clk 0:59:14]} 44. Kf2 {[%clk 0:19:01]} Bf7 {[%clk 0:59:18]} 45. Rh1
{[%clk 0:18:04]} h5 {[%clk 0:59:23]} 46. Rc1 {[%clk 0:16:29]} Kd6
{[%clk 0:57:38]} 47. Ke1 {[%clk 0:15:16]} Ra2 {[%clk 0:55:09]} 48. a6
{[%clk 0:14:41]} Be6 {[%clk 0:55:14]} 49. Bxh5 {[%clk 0:05:49]} Rxa6
{[%clk 0:54:53]} 50. Kd2 {[%clk 0:06:16]} Bd7 {[%clk 0:54:16]} 51. Be2
{[%clk 0:05:44]} Ra2+ {[%clk 0:54:09]} 52. Rc2 {[%clk 0:06:13]} Ra3
{[%clk 0:54:16]} 53. Rb2 {[%clk 0:06:05]} Ra1 {[%clk 0:53:10]} 54. Bb5
{[%clk 0:01:26]} Bxb5 {[%clk 0:52:47]} 55. Rxb5 {[%clk 0:01:55]} Ra2+
{[%clk 0:53:04]} 56. Ke1 {[%clk 0:02:01]} a5 {[%clk 0:53:26]} 57. Rb6+
{[%clk 0:02:13]} Kc7 {[%clk 0:52:29]} 58. Rf6 {[%clk 0:01:22]} a4
{[%clk 0:52:07]} 59. Rxf5 {[%clk 0:01:42]} Kc6 {[%clk 0:51:30]} 60. Rf8
{[%clk 0:01:15]} Rg2 {[%clk 0:51:28]} 61. Ra8 {[%clk 0:00:59]} Rxg3
{[%clk 0:51:14]} 62. Kf2 {[%clk 0:00:39]} Rf3+ {[%clk 0:51:16]} 63. Ke2
{[%clk 0:01:08]} Kb5 {[%clk 0:51:05]} 64. Rd8 {[%clk 0:00:57]} Kc4
{[%clk 0:50:04]} 65. Rc8+ {[%clk 0:01:11]} Kb3 {[%clk 0:50:23]} 66. Rb8+
{[%clk 0:01:37]} Ka2 {[%clk 0:47:30]} 67. Rb5 {[%clk 0:01:34]} Rh3
{[%clk 0:47:45]} 68. Rxd5 {[%clk 0:00:49]} Rh2+ {[%clk 0:48:06]} 69. Kd1
{[%clk 0:00:47]} Kb2 {[%clk 0:48:18]} 70. Rb5+ {[%clk 0:00:43]} Kc3
{[%clk 0:48:32]} 71. Ra5 {[%clk 0:01:00]} Kd3 {[%clk 0:48:41]} 72. Kc1
{[%clk 0:01:17]} Kxe3 {[%clk 0:47:55]} 73. Rxa4 {[%clk 0:01:06]} Kf3
{[%clk 0:48:16]} 74. Ra3+ {[%clk 0:00:42]} e3 {[%clk 0:48:43]} 75. Kd1
{[%clk 0:00:45]} Rh1+ {[%clk 0:49:00]} 76. Kc2 {[%clk 0:01:11]} Kf2
{[%clk 0:49:14]} 77. Kd3 {[%clk 0:00:52]} e2 {[%clk 0:48:39]} 78. Ra2
{[%clk 0:01:18]} Rh3+ {[%clk 0:48:48]} 79. Ke4 {[%clk 0:01:04]} Re3+
{[%clk 0:49:08]} 80. Kf5 {[%clk 0:00:44]} Kf3 {[%clk 0:49:22]} 81. Rxe2
{[%clk 0:00:45]} Rxe2 {[%clk 0:49:07]} 82. d5 {[%clk 0:01:12]} Rd2
{[%clk 0:45:15]} 83. Ke5 {[%clk 0:01:06]} Re2+ {[%clk 0:43:29]} 84. Kf5
{[%clk 0:01:21]} Re8 {[%clk 0:43:00]} 85. d6 {[%clk 0:01:22]} Rf8+
{[%clk 0:42:59]} 1/2-1/2

[Event "World Chess Olympiad 2018"]
[Site "Batumi"]
[Date "2018.09.26"]
[Round "3"]
[Board "4"]
[WhiteFideId "14300753"]
[White "Masango Spencer"]
[BlackFideId "5110491"]
[Black "Garcia Almaguer Juan Manuel"]
[Result "1/2-1/2"]
[LiveChessVersion "1.4.8"]
[BlackElo "2229"]
[WhiteElo "2121"]

1. Nf3 {[%clk 1:29:55]} Nf6 {[%clk 1:30:38]} 2. c4 {[%clk 1:30:18]} e6
{[%clk 1:31:03]} 3. d4 {[%clk 1:30:34]} d5 {[%clk 1:31:27]} 4. Nc3
{[%clk 1:30:41]} Be7 {[%clk 1:29:56]} 5. Bg5 {[%clk 1:29:27]} O-O
{[%clk 1:29:19]} 6. e3 {[%clk 1:29:46]} Nbd7 {[%clk 1:25:58]} 7. cxd5
{[%clk 1:29:16]} exd5 {[%clk 1:23:34]} 8. Bd3 {[%clk 1:29:32]} b6
{[%clk 1:22:19]} 9. O-O {[%clk 1:28:56]} Bb7 {[%clk 1:22:27]} 10. Rc1
{[%clk 1:28:24]} c5 {[%clk 1:17:20]} 11. dxc5 {[%clk 1:28:11]} Nxc5
{[%clk 1:17:22]} 12. Nd4 {[%clk 1:24:13]} Nfe4 {[%clk 1:14:04]} 13. Bxe7
{[%clk 1:19:26]} Qxe7 {[%clk 1:14:26]} 14. Bb1 {[%clk 1:15:44]} Rad8
{[%clk 0:59:44]} 15. Qg4 {[%clk 1:08:33]} g6 {[%clk 0:45:44]} 16. b4
{[%clk 0:56:57]} f5 {[%clk 0:23:50]} 17. Qd1 {[%clk 0:55:11]} Ne6
{[%clk 0:21:27]} 18. Nxe6 {[%clk 0:54:50]} Qxe6 {[%clk 0:21:48]} 19. Ne2
{[%clk 0:54:43]} Nd6 {[%clk 0:17:45]} 20. Rc7 {[%clk 0:48:28]} Rc8
{[%clk 0:15:59]} 21. Nd4 {[%clk 0:47:11]} Qf6 {[%clk 0:14:57]} 22. Rxc8
{[%clk 0:46:17]} Rxc8 {[%clk 0:11:43]} 23. Qa4 {[%clk 0:45:55]} Nc4
{[%clk 0:11:26]} 24. Qd7 {[%clk 0:44:02]} Qf7 {[%clk 0:11:37]} 25. Qxf7+
{[%clk 0:42:44]} Kxf7 {[%clk 0:12:02]} 26. Rc1 {[%clk 0:42:02]} a6
{[%clk 0:09:50]} 27. Bd3 {[%clk 0:39:43]} Ke7 {[%clk 0:08:51]} 28. Rc2
{[%clk 0:37:49]} Kd6 {[%clk 0:08:54]} 29. h4 {[%clk 0:38:05]} b5 {[%clk 0:03:51]}
30. Kh2 {[%clk 0:35:24]} Re8 {[%clk 0:03:43]} 31. h5 {[%clk 0:34:57]} Bc6
{[%clk 0:02:59]} 32. Kg3 {[%clk 0:33:14]} Bd7 {[%clk 0:02:38]} 33. Rc3
{[%clk 0:28:17]} Ke5 {[%clk 0:02:00]} 34. Nf3+ {[%clk 0:27:10]} Kf6
{[%clk 0:02:16]} 35. hxg6 {[%clk 0:27:18]} hxg6 {[%clk 0:02:35]} 36. Rc1
{[%clk 0:26:46]} Ra8 {[%clk 0:01:41]} 37. Rh1 {[%clk 0:24:29]} Kg7
{[%clk 0:01:26]} 38. Ng5 {[%clk 0:16:21]} Kf6 {[%clk 0:00:49]} 39. Rh7
{[%clk 0:11:05]} Be6 {[%clk 0:01:04]} 40. Nf3 {[%clk 0:36:19]} a5
{[%clk 0:30:58]} 41. Rb7 {[%clk 0:36:13]} axb4 {[%clk 0:20:03]} 42. Nd4
{[%clk 0:31:12]} Bf7 {[%clk 0:17:43]} 43. Rxb5 {[%clk 0:31:10]} Ra3
{[%clk 0:17:45]} 44. Bc2 {[%clk 0:30:35]} Rxa2 {[%clk 0:14:48]} 45. Rxb4
{[%clk 0:30:37]} Ra6 {[%clk 0:14:16]} 46. Rb7 {[%clk 0:29:47]} Nd6
{[%clk 0:11:01]} 47. Rc7 {[%clk 0:29:58]} Rb6 {[%clk 0:08:42]} 48. Rc6
{[%clk 0:23:25]} Rxc6 {[%clk 0:08:59]} 49. Nxc6 {[%clk 0:23:48]} Ne4+
{[%clk 0:08:09]} 50. Bxe4 {[%clk 0:18:20]} dxe4 {[%clk 0:08:30]} 51. Nd4
{[%clk 0:18:26]} Bc4 {[%clk 0:08:06]} 52. f4 {[%clk 0:18:02]} exf3
{[%clk 0:08:14]} 53. gxf3 {[%clk 0:18:01]} Bd5 {[%clk 0:08:28]} 54. f4
{[%clk 0:17:09]} Be4 {[%clk 0:08:14]} 55. Kf2 {[%clk 0:17:13]} Bd3
{[%clk 0:08:21]} 56. Ke1 {[%clk 0:17:21]} Be4 {[%clk 0:07:45]} 57. Ke2
{[%clk 0:17:38]} Bd5 {[%clk 0:08:03]} 58. Kd3 {[%clk 0:17:58]} g5
{[%clk 0:08:11]} 59. fxg5+ {[%clk 0:18:09]} Kxg5 {[%clk 0:08:33]} 60. Ne2
{[%clk 0:18:29]} Be4+ {[%clk 0:08:43]} 61. Kd4 {[%clk 0:18:08]} Kf6
{[%clk 0:08:53]} 62. Nf4 {[%clk 0:17:53]} Bf3 {[%clk 0:08:44]} 63. Nd5+
{[%clk 0:17:50]} Ke6 {[%clk 0:08:30]} 64. Nf4+ {[%clk 0:17:48]} 1/2-1/2

[Event "World Chess Olympiad 2018"]
[Site "Batumi"]
[Date "2018.09.26"]
[Round "3"]
[Board "1"]
[WhiteFideId "6351921"]
[White "Saraci Nderim"]
[BlackFideId "13202340"]
[Black "Lee Jun Hyeok"]
[Result "1-0"]
[LiveChessVersion "1.4.8"]
[BlackElo "2263"]
[WhiteElo "2408"]

1. Nf3 {[%clk 1:30:55]} d5 {[%clk 1:29:39]} 2. c4 {[%clk 1:31:09]} e6
{[%clk 1:29:59]} 3. g3 {[%clk 1:31:31]} c5 {[%clk 1:29:18]} 4. Bg2
{[%clk 1:31:15]} Nc6 {[%clk 1:29:30]} 5. cxd5 {[%clk 1:30:38]} exd5
{[%clk 1:29:56]} 6. d4 {[%clk 1:30:34]} Nf6 {[%clk 1:30:21]} 7. O-O
{[%clk 1:30:49]} Be7 {[%clk 1:30:48]} 8. Nc3 {[%clk 1:29:56]} O-O
{[%clk 1:31:09]} 9. Bf4 {[%clk 1:21:53]} c4 {[%clk 1:28:23]} 10. Ne5
{[%clk 1:16:31]} Be6 {[%clk 1:28:00]} 11. Nxc4 {[%clk 1:09:48]} dxc4
{[%clk 1:16:04]} 12. d5 {[%clk 1:08:21]} Nxd5 {[%clk 1:09:13]} 13. Nxd5
{[%clk 1:07:00]} Bf6 {[%clk 1:08:23]} 14. Rc1 {[%clk 0:55:17]} Nd4
{[%clk 0:48:38]} 15. Bc7 {[%clk 0:48:49]} Qd7 {[%clk 0:46:58]} 16. Nxf6+
{[%clk 0:44:25]} gxf6 {[%clk 0:47:27]} 17. Ba5 {[%clk 0:41:54]} Bg4
{[%clk 0:42:53]} 18. f3 {[%clk 0:37:02]} Be6 {[%clk 0:43:08]} 19. g4
{[%clk 0:29:59]} Rfe8 {[%clk 0:38:33]} 20. Bc3 {[%clk 0:29:31]} Rad8
{[%clk 0:33:31]} 21. e3 {[%clk 0:29:20]} Nc6 {[%clk 0:33:30]} 22. Bxf6
{[%clk 0:22:54]} Qxd1 {[%clk 0:33:53]} 23. Rfxd1 {[%clk 0:23:14]} Rxd1+
{[%clk 0:32:25]} 24. Rxd1 {[%clk 0:23:31]} Nb4 {[%clk 0:32:17]} 25. a3
{[%clk 0:23:05]} Nd3 {[%clk 0:31:51]} 26. Bf1 {[%clk 0:23:15]} h5
{[%clk 0:29:16]} 27. g5 {[%clk 0:20:02]} h4 {[%clk 0:25:54]} 28. Bxd3
{[%clk 0:15:04]} cxd3 {[%clk 0:26:20]} 29. Rxd3 {[%clk 0:15:25]} Rc8
{[%clk 0:26:26]} 30. Rd4 {[%clk 0:14:48]} 1-0

[Event "World Chess Olympiad 2018"]
[Site "Batumi"]
[Date "2018.09.26"]
[Round "3"]
[Board "2"]
[WhiteFideId "13203088"]
[White "Kwon Sehyun"]
[BlackFideId "937576"]
[Black "Ondozi Murtez"]
[Result "0-1"]
[LiveChessVersion "1.4.8"]
[BlackElo "2402"]
[WhiteElo "2129"]

1. e4 {[%clk 1:30:56]} c5 {[%clk 1:30:56]} 2. Nf3 {[%clk 1:30:59]} e6
{[%clk 1:31:16]} 3. g3 {[%clk 1:30:41]} Nc6 {[%clk 1:31:35]} 4. Bg2
{[%clk 1:31:03]} Nf6 {[%clk 1:31:59]} 5. Qe2 {[%clk 1:31:24]} d6 {[%clk 1:32:08]}
6. O-O {[%clk 1:30:52]} Be7 {[%clk 1:32:34]} 7. c3 {[%clk 1:30:39]} e5
{[%clk 1:32:38]} 8. Rd1 {[%clk 1:20:24]} Qc7 {[%clk 1:31:38]} 9. h3
{[%clk 1:17:25]} O-O {[%clk 1:31:59]} 10. Na3 {[%clk 1:15:44]} a6
{[%clk 1:28:45]} 11. d4 {[%clk 1:12:50]} b5 {[%clk 1:28:33]} 12. Nc2
{[%clk 1:07:23]} cxd4 {[%clk 1:25:54]} 13. cxd4 {[%clk 1:07:19]} Bb7
{[%clk 1:26:04]} 14. dxe5 {[%clk 0:59:38]} dxe5 {[%clk 1:22:30]} 15. Ne3
{[%clk 0:48:03]} Bc5 {[%clk 1:16:53]} 16. Nd5 {[%clk 0:37:44]} Nxd5
{[%clk 1:11:31]} 17. exd5 {[%clk 0:38:00]} Nd4 {[%clk 1:11:55]} 18. Nxd4
{[%clk 0:38:14]} Bxd4 {[%clk 1:12:12]} 19. d6 {[%clk 0:33:22]} Qb6
{[%clk 1:11:54]} 20. Bxb7 {[%clk 0:32:16]} Qxb7 {[%clk 1:12:18]} 21. Be3
{[%clk 0:31:10]} Qe4 {[%clk 1:02:19]} 22. Qd2 {[%clk 0:24:36]} Rfd8
{[%clk 1:01:35]} 23. Bxd4 {[%clk 0:22:50]} Rxd6 {[%clk 0:59:43]} 24. Qe3
{[%clk 0:10:15]} Rxd4 {[%clk 0:59:47]} 25. Qxe4 {[%clk 0:06:44]} Rxe4
{[%clk 1:00:16]} 26. Rd6 {[%clk 0:05:41]} Re2 {[%clk 1:00:19]} 27. b4
{[%clk 0:04:50]} h6 {[%clk 0:53:12]} 28. Kf1 {[%clk 0:03:15]} Rb2
{[%clk 0:53:28]} 29. a3 {[%clk 0:01:28]} Rc8 {[%clk 0:53:35]} 30. Kg2
{[%clk 0:00:53]} Rcc2 {[%clk 0:50:47]} 31. Rf1 {[%clk 0:01:18]} e4
{[%clk 0:51:06]} 32. Rd8+ {[%clk 0:00:43]} Kh7 {[%clk 0:51:30]} 33. Re8
{[%clk 0:01:08]} Re2 {[%clk 0:51:50]} 34. g4 {[%clk 0:00:54]} e3 {[%clk 0:50:33]}
35. Kf3 {[%clk 0:00:35]} Rxf2+ {[%clk 0:50:48]} 36. Rxf2 {[%clk 0:01:00]} exf2
{[%clk 0:51:12]} 37. Kg2 {[%clk 0:01:20]} Rb3 {[%clk 0:51:23]} 38. h4
{[%clk 0:01:13]} Rxa3 {[%clk 0:51:33]} 39. Kxf2 {[%clk 0:01:28]} Ra4
{[%clk 0:51:56]} 0-1